000 00465nam a22001697a 4500
003 NUST - PNEC
005 20170116181042.0
008 150918b xxu||||| |||| 00| 0 eng d
020 _a9788131729656
040 _cLIBRARY
082 _a621.8 BEV
100 _910929
_aBevan, Thomas
245 _aThe theory of machines; a text-book for engineering students.
_cThomas Bevan
260 _cc.2010
650 _910930
_aMechanical engineering
_xME
942 _2ddc
_cBK
999 _c68153
_d68153